[Event "Kaunas op"]
[Site "Kaunas"]
[Date "2012.10.28"]
[Round "4"]
[White "Grybas, Gintaras"]
[Black "Labuckas, Aidas"]
[Result "1/2-1/2"]
[WhiteElo "2052"]
[BlackElo "2314"]
[PlyCount "92"]
[EventDate "2012.10.27"]
[EventType "swiss"]
[EventRounds "7"]
[EventCountry "LTU"]
[SourceTitle "EXT 2014"]
[Source "ChessBase"]
[SourceDate "2013.11.20"]
[SourceVersion "1"]
[SourceVersionDate "2013.11.20"]
[SourceQuality "1"]

1. d4 Nf6 2. c4 e6 3. Nc3 Bb4 4. Qc2 0-0 5. a3 Bxc3+ 6. Qxc3 Qe8 7. Bf4 d6 8. Nf3 b6 9. e3 Bb7 10. Be2 Nbd7 11. 0-0 Ne4 12. Qc2 f5 13. h3 Qe7 14. b4 Rac8 15. Rad1 g5 16. Bh2 h5 17. Nd2 g4 18. f3 Nxd2 19. Qxd2 gxh3 20. gxh3 Kh7 21. Kh1 Qh4 22. Qe1 Qxh3 23. Qg3 Qxg3 24. Bxg3 Nf6 25. Kg1 Kg6 26. Kf2 Kf7 27. Rg1 Rh8 28. Bh4 Rcg8 29. Rxg8 Rxg8 30. Rg1 Rxg1 31. Kxg1 c5 32. Bxf6 Kxf6 33. bxc5 bxc5 34. dxc5 dxc5 35. f4 Be4 36. Kh2 e5 37. Kg3 exf4+ 38. exf4 Kg6 39. Kh4 Kh6 40. Bxh5 Bd3 41. Bf7 Kg7 42. Bd5 Kf6 43. Kh5 Be4 44. Bg8 Bc6 45. Kh6 Bf3 46. Kh7 Bc6 1/2-1/2

[Event "Vilnius Andriusaicio op rapid "]
[Site "Vilnius"]
[Date "2012.05.27"]
[Round "7"]
[White "Laurusas, Tomas"]
[Black "Labuckas, Aidas"]
[Result "1-0"]
[WhiteElo "2410"]
[BlackElo "2312"]
[PlyCount "143"]
[EventDate "2012.05.26"]
[EventType "swiss (rapid)"]
[EventRounds "9"]
[EventCountry "LTU"]
[SourceTitle "CBM 148 Extra"]
[Source "ChessBase"]
[SourceDate "2012.06.22"]
[SourceVersion "1"]
[SourceVersionDate "2012.06.22"]
[SourceQuality "1"]

1. c4 e6 2. Nf3 Nf6 3. g3 b6 4. Bg2 Bb7 5. 0-0 c5 6. Nc3 Be7 7. Re1 0-0 8. e4 d6 9. d4 cxd4 10. Nxd4 Qc8 11. Be3 a6 12. Rc1 Nbd7 13. h3 Qc7 14. b3 Nc5 15. Qc2 Rac8 16. Qb1 Qb8 17. Rcd1 Qa8 18. Bc1 Rfe8 19. Bb2 Bf8 20. Re2 Ncd7 21. Re3 Qb8 22. Rde1 Ba8 23. Qd3 Ne5 24. Qe2 Ng6 25. Rd1 Nd7 26. Red3 Nde5 27. Re3 Nc6 28. Nc2 Na7 29. a4 Nc6 30. Ba3 Na5 31. Nb1 Nc6 32. Red3 b5 33. axb5 axb5 34. Bxd6 Bxd6 35. Rxd6 bxc4 36. bxc4 Nce5 37. Ne3 Qb4 38. R6d4 Nc6 39. R4d2 Rb8 40. Ra2 Qb3 41. Ra3 Qb4 42. Qa2 Qe7 43. Nc3 Nb4 44. Qa1 Nc6 45. Nb5 Rf8 46. Kh2 Nge5 47. f4 Ng6 48. e5 f6 49. exf6 gxf6 50. f5 Nge5 51. fxe6 Kh8 52. Bd5 Qg7 53. Nd6 Qh6 54. Nef5 Qg6 55. Qc1 Nb4 56. e7 Bxd5 57. exf8Q+ Rxf8 58. cxd5 Rg8 59. Qh6 Qxh6 60. Nxh6 Rb8 61. Nhf7+ Nxf7 62. Nxf7+ Kg7 63. Ra7 Nc2 64. Ne5+ Kh6 65. Ng4+ Kg5 66. Rg7+ Kf5 67. Rf1+ Ke4 68. Nxf6+ Kd3 69. d6 Ne3 70. Rf2 Nd1 71. Ra2 Nc3 72. Rg2 1-0

[Event "LTU-chT 1011"]
[Site "Lithuania"]
[Date "2011.02.27"]
[Round "9"]
[White "Labuckas, Aidas"]
[Black "Vaitonis, Vytautas"]
[Result "1-0"]
[WhiteElo "2327"]
[BlackElo "2029"]
[PlyCount "43"]
[EventDate "2010.11.06"]
[EventType "team-tourn"]
[EventRounds "9"]
[EventCountry "LTU"]
[SourceTitle "EXT 2012"]
[Source "ChessBase"]
[SourceDate "2011.11.24"]
[SourceVersion "1"]
[SourceVersionDate "2011.11.24"]
[SourceQuality "1"]

1. c4 Nf6 2. Nf3 e6 3. g3 b6 4. Bg2 Bb7 5. 0-0 c5 6. Nc3 Be7 7. d4 cxd4 8. Qxd4 d6 9. b3 0-0 10. Rd1 a6 11. Ba3 Nc6 12. Qf4 d5 13. cxd5 exd5 14. Bb2 Bd6 15. Qf5 Ne7 16. Qd3 b5 17. Ng5 Be5 18. Nxd5 Nexd5 19. Bxe5 g6 20. Bxf6 Qxf6 21. Bxd5 Rad8 22. Qf3 1-0

[Event "EU-Cup 26th"]
[Site "Plovdiv"]
[Date "2010.10.17"]
[Round "1.5"]
[White "Labuckas, Aidas"]
[Black "Larter, Nick J"]
[Result "1-0"]
[WhiteElo "2335"]
[BlackElo "1840"]
[PlyCount "59"]
[EventDate "2010.10.17"]
[EventType "team-swiss"]
[EventRounds "7"]
[EventCountry "BUL"]
[SourceTitle "CBM 139"]
[Source "ChessBase"]
[SourceDate "2010.11.18"]
[SourceVersion "1"]
[SourceVersionDate "2010.11.18"]
[SourceQuality "1"]
[WhiteTeam "Kaunas Margiris"]
[BlackTeam "Ennis"]
[WhiteTeamCountry "LTU"]
[BlackTeamCountry "IRL"]

1. e4 e6 2. d4 d5 3. Nd2 Nf6 4. e5 Nfd7 5. Bd3 c5 6. c3 Nc6 7. Ngf3 Be7 8. h4 cxd4 9. cxd4 Qb6 10. Nb3 a5 11. a4 Bb4+ 12. Kf1 Be7 13. Be3 f6 14. exf6 Nxf6 15. Ne5 0-0 16. Rh3 Ne4 17. Bxe4 dxe4 18. Kg1 Nxe5 19. dxe5 Qd8 20. Qg4 Qd5 21. Rd1 h5 22. Qxh5 Qxb3 23. Bh6 Qxb2 24. Bxg7 Qxf2+ 25. Kh2 Qf4+ 26. Rg3 Qxh4+ 27. Qxh4 Bxh4 28. Rg4 Rf5 29. Bf6+ Kf7 30. Rg7+ 1-0

[Event "Kaunas"]
[Site "Kaunas"]
[Date "2010.08.30"]
[Round "8"]
[White "Labuckas, Aidas"]
[Black "Sulskis, Sarunas"]
[Result "1/2-1/2"]
[WhiteElo "2329"]
[BlackElo "2554"]
[PlyCount "88"]
[EventDate "2010.08.25"]
[EventType "swiss"]
[EventRounds "10"]
[EventCountry "LTU"]
[SourceTitle "CBM 138 Extra"]
[Source "ChessBase"]
[SourceDate "2010.10.29"]
[SourceVersion "1"]
[SourceVersionDate "2010.10.29"]
[SourceQuality "1"]

1. c4 e5 2. Nc3 Nf6 3. g3 c6 4. d4 exd4 5. Qxd4 d5 6. Nf3 Be7 7. Bg2 c5 8. Qd3 d4 9. Ne4 0-0 10. Nxf6+ Bxf6 11. h4 Nc6 12. Ng5 g6 13. Bxc6 bxc6 14. 0-0 Re8 15. Qf3 Qe7 16. Re1 h6 17. Ne4 Bg7 18. Nd2 a5 19. a4 Rb8 20. Ra3 Rb4 21. e4 f5 22. e5 Qc7 23. Nb3 Rxc4 24. Bd2 Rc2 25. Bxa5 Qf7 26. Bb6 Rxe5 27. Rxe5 Bxe5 28. Nxc5 f4 29. Qb3 Qxb3 30. Rxb3 fxg3 31. fxg3 Bh3 32. a5 Rg2+ 33. Kh1 Bxg3 34. a6 Rh2+ 35. Kg1 Rg2+ 36. Kh1 Rh2+ 37. Kg1 Rg2+ 38. Kh1 d3 39. Rxd3 Rh2+ 40. Kg1 Rg2+ 41. Kh1 Rh2+ 42. Kg1 Rg2+ 43. Kh1 Rh2+ 44. Kg1 Rg2+ 1/2-1/2

[Event "Kaunas"]
[Site "Kaunas"]
[Date "2010.08.28"]
[Round "6"]
[White "Labuckas, Aidas"]
[Black "Von Bahr, Oskar"]
[Result "1/2-1/2"]
[WhiteElo "2329"]
[BlackElo "2303"]
[PlyCount "86"]
[EventDate "2010.08.25"]
[EventType "swiss"]
[EventRounds "10"]
[EventCountry "LTU"]
[SourceTitle "CBM 138 Extra"]
[Source "ChessBase"]
[SourceDate "2010.10.29"]
[SourceVersion "1"]
[SourceVersionDate "2010.10.29"]
[SourceQuality "1"]

1. c4 c5 2. Nf3 Nc6 3. Nc3 e5 4. g3 g6 5. Bg2 d6 6. d3 Bg7 7. Bd2 Nge7 8. a3 a5 9. Rb1 Rb8 10. 0-0 0-0 11. Ne1 Be6 12. Nc2 d5 13. cxd5 Nxd5 14. Nxd5 Bxd5 15. b4 axb4 16. axb4 Bxg2 17. Kxg2 Qd5+ 18. Kg1 cxb4 19. Nxb4 Nxb4 20. Rxb4 Rfc8 21. Qb3 Qxb3 22. Rxb3 Rc2 23. Be3 b5 24. Rfb1 Rxe2 25. Kf1 Ra2 26. Rxb5 Rxb5 27. Rxb5 h5 28. Rb8+ Kh7 29. Rb7 Kg8 30. Rb6 Ra4 31. h3 e4 32. dxe4 Rxe4 33. Kg2 Ra4 34. Rb8+ Kh7 35. Re8 Bf6 36. Kf3 Kg7 37. g4 hxg4+ 38. hxg4 g5 39. Rc8 Kg6 40. Rc6 Ra3 41. Kg2 Ra4 42. Kf3 Ra3 43. Kg2 Ra4 1/2-1/2

[Event "Panevezys op-A"]
[Site "Panevezys"]
[Date "2010.08.23"]
[Round "8"]
[White "Meskovs, Nikita"]
[Black "Labuckas, Aidas"]
[Result "0-1"]
[WhiteElo "2259"]
[BlackElo "2329"]
[PlyCount "64"]
[EventDate "2010.08.18"]
[EventType "swiss"]
[EventRounds "9"]
[EventCountry "LTU"]
[SourceTitle "CBM 138 Extra"]
[Source "ChessBase"]
[SourceDate "2010.10.29"]
[SourceVersion "1"]
[SourceVersionDate "2010.10.29"]
[SourceQuality "1"]

1. d4 Nf6 2. c4 e6 3. Nc3 Bb4 4. f3 d5 5. a3 Bxc3+ 6. bxc3 c5 7. cxd5 exd5 8. e3 0-0 9. Bd3 b6 10. Ne2 Ba6 11. 0-0 Bxd3 12. Qxd3 Re8 13. Ng3 Nc6 14. Bb2 Na5 15. Rae1 cxd4 16. cxd4 Qc7 17. e4 Qc4 18. Qd2 Qa2 19. Nf5 h6 20. e5 Nc4 21. Qf4 Nh5 22. Qg4 Qxb2 23. Qxh5 g6 24. Nxh6+ Kg7 25. Qh4 Rh8 26. Nf5+ gxf5 27. Qf6+ Kg8 28. e6 Rh7 29. e7 Qb5 30. g4 Re8 31. gxf5 Qb2 32. Rf2 Rg7+ 0-1

[Event "Panevezys op-A"]
[Site "Panevezys"]
[Date "2010.08.22"]
[Round "7"]
[White "Labuckas, Aidas"]
[Black "Malinin, Yuri"]
[Result "0-1"]
[WhiteElo "2329"]
[BlackElo "2312"]
[PlyCount "102"]
[EventDate "2010.08.18"]
[EventType "swiss"]
[EventRounds "9"]
[EventCountry "LTU"]
[SourceTitle "CBM 138 Extra"]
[Source "ChessBase"]
[SourceDate "2010.10.29"]
[SourceVersion "1"]
[SourceVersionDate "2010.10.29"]
[SourceQuality "1"]

1. e4 c5 2. Nf3 d6 3. Bb5+ Nc6 4. 0-0 Bd7 5. c3 Nf6 6. Re1 a6 7. Bf1 Bg4 8. d3 e6 9. Nbd2 Be7 10. Be2 d5 11. Ng5 Bxe2 12. Qxe2 0-0 13. Nf1 dxe4 14. dxe4 Qc7 15. Nf3 h6 16. Ng3 Rfd8 17. e5 Nd5 18. Qe4 Bf8 19. h4 Nde7 20. h5 Rd7 21. Nh2 Kh8 22. Ng4 Ng8 23. f4 Nce7 24. Nf2 Rad8 25. Qf3 b5 26. Nge4 Nd5 27. g4 c4 28. Be3 Nxe3 29. Qxe3 Ne7 30. Qf3 Nd5 31. Kh1 f6 32. exf6 Qxf4 33. fxg7+ Bxg7 34. Qxf4 Nxf4 35. Nc5 Rd2 36. Rad1 R8d5 37. Rxd2 Rxd2 38. Nfe4 Rxb2 39. Rd1 Be5 40. Nd7 Nd3 41. g5 hxg5 42. Nxe5 Nxe5 43. Nxg5 Kg7 44. Re1 Kf6 45. h6 Kxg5 46. Rxe5+ Kxh6 47. Rxe6+ Kg5 48. Rxa6 b4 49. Ra5+ Kf6 50. cxb4 c3 51. Ra6+ Ke5 0-1

[Event "Panevezys op-A"]
[Site "Panevezys"]
[Date "2010.08.20"]
[Round "4"]
[White "Bieliauskas, Marius"]
[Black "Labuckas, Aidas"]
[Result "0-1"]
[WhiteElo "2140"]
[BlackElo "2329"]
[PlyCount "100"]
[EventDate "2010.08.18"]
[EventType "swiss"]
[EventRounds "9"]
[EventCountry "LTU"]
[SourceTitle "CBM 138 Extra"]
[Source "ChessBase"]
[SourceDate "2010.10.29"]
[SourceVersion "1"]
[SourceVersionDate "2010.10.29"]
[SourceQuality "1"]

1. d4 Nf6 2. c4 e6 3. g3 d5 4. Nf3 Be7 5. Bg2 0-0 6. 0-0 dxc4 7. Qc2 a6 8. a4 Bd7 9. Qxc4 Bc6 10. Bg5 a5 11. Nc3 Na6 12. Rad1 Nb4 13. Bxf6 Bxf6 14. e4 b6 15. e5 Be7 16. Nd2 Bxg2 17. Kxg2 c6 18. Nde4 Ra7 19. Rd2 Rd7 20. h4 Qa8 21. Rfd1 Qa6 22. b3 Rfd8 23. Qe2 Qxe2 24. Nxe2 f6 25. f4 f5 26. Ng5 Bxg5 27. hxg5 g6 28. Kf3 Kg7 29. Nc3 Rh8 30. Rh2 h5 31. gxh6+ Rxh6 32. Rxh6 Kxh6 33. Rd2 Kg7 34. Nb1 Rd8 35. Na3 Rh8 36. Kg2 Nd5 37. Rd3 g5 38. fxg5 Kg6 39. Nc4 Kxg5 40. Nd6 Kg4 41. Nf7 Rh3 42. Rf3 f4 43. Ng5 Rh6 44. Nf7 Rh7 45. Nd8 Ne3+ 46. Rxe3 fxe3 47. Nxe6 e2 48. Kf2 Rh2+ 49. Ke1 Kf3 50. Kd2 Kf2 0-1

[Event "Panevezys op-A"]
[Site "Panevezys"]
[Date "2010.08.19"]
[Round "2"]
[White "Dainauskas, Juozas"]
[Black "Labuckas, Aidas"]
[Result "0-1"]
[WhiteElo "1964"]
[BlackElo "2329"]
[PlyCount "70"]
[EventDate "2010.08.18"]
[EventType "swiss"]
[EventRounds "9"]
[EventCountry "LTU"]
[SourceTitle "CBM 138 Extra"]
[Source "ChessBase"]
[SourceDate "2010.10.29"]
[SourceVersion "1"]
[SourceVersionDate "2010.10.29"]
[SourceQuality "1"]

1. e4 c6 2. d4 d5 3. exd5 cxd5 4. Bd3 Nc6 5. c3 Nf6 6. Bf4 Bg4 7. Qb3 Qc8 8. Nd2 e6 9. Ngf3 Be7 10. Ne5 Bf5 11. Bxf5 exf5 12. Ndf3 0-0 13. 0-0 Na5 14. Qb5 Nc6 15. Rae1 a6 16. Nxc6 bxc6 17. Qa4 Qb7 18. Re2 Ne4 19. Ne5 Bd6 20. f3 Bxe5 21. Bxe5 Ng5 22. Bd6 Rfe8 23. Rfe1 Ne6 24. g3 Qd7 25. Ba3 h5 26. Kf2 g6 27. Re3 Kg7 28. Qd1 h4 29. g4 fxg4 30. fxg4 Qc7 31. Kg1 Qf4 32. Qe2 Ng5 33. Rxe8 Rxe8 34. Qxe8 Nh3+ 35. Kg2 Qxg4+ 0-1

[Event "Panevezys op-A"]
[Site "Panevezys"]
[Date "2010.08.19"]
[Round "3"]
[White "Labuckas, Aidas"]
[Black "Janulynas, Jonas"]
[Result "1-0"]
[WhiteElo "2329"]
[BlackElo "1819"]
[PlyCount "73"]
[EventDate "2010.08.18"]
[EventType "swiss"]
[EventRounds "9"]
[EventCountry "LTU"]
[SourceTitle "CBM 138 Extra"]
[Source "ChessBase"]
[SourceDate "2010.10.29"]
[SourceVersion "1"]
[SourceVersionDate "2010.10.29"]
[SourceQuality "1"]

1. Nf3 d5 2. d4 Nf6 3. c4 e6 4. Nc3 Be7 5. Bg5 Nbd7 6. e3 c6 7. Qc2 0-0 8. Rc1 Re8 9. Bd3 dxc4 10. Bxc4 Nd5 11. Bxe7 Qxe7 12. 0-0 b5 13. Nxd5 exd5 14. Bd3 Nf6 15. Qxc6 Bd7 16. Qc5 Qe6 17. Ne5 Rec8 18. Qb4 a6 19. Rxc8+ Rxc8 20. Qd2 Ne4 21. Bxe4 dxe4 22. Nxd7 Qxd7 23. Rc1 b4 24. h3 a5 25. d5 f5 26. Rxc8+ Qxc8 27. d6 Kf7 28. d7 Qd8 29. Qd6 a4 30. b3 axb3 31. axb3 g5 32. g4 f4 33. exf4 gxf4 34. Qxf4+ Ke7 35. Qxe4+ Kxd7 36. Qd4+ Kc7 37. Qxd8+ 1-0

[Event "Baltija Cup"]
[Site "Palanga"]
[Date "2010.06.23"]
[Round "8"]
[White "Kaunas, Kestutis"]
[Black "Labuckas, Aidas"]
[Result "0-1"]
[WhiteElo "2258"]
[BlackElo "2336"]
[PlyCount "86"]
[EventDate "2010.06.20"]
[EventType "tourn"]
[EventRounds "9"]
[EventCountry "LTU"]
[SourceTitle "EXT 2013"]
[Source "ChessBase"]
[SourceDate "2012.11.22"]
[SourceVersion "1"]
[SourceVersionDate "2012.11.22"]
[SourceQuality "1"]

1. d4 g6 2. e4 Bg7 3. Nf3 d6 4. Nc3 Nf6 5. Be2 0-0 6. 0-0 Bg4 7. h3 Bxf3 8. Bxf3 Nc6 9. d5 Ne5 10. Be2 c6 11. f4 Qb6+ 12. Kh2 Ned7 13. Bf3 cxd5 14. exd5 Rfc8 15. Re1 Bf8 16. a4 a6 17. a5 Qd8 18. Be3 Bg7 19. Na4 Rab8 20. Ba7 Ra8 21. Bb6 Qf8 22. Qe2 Re8 23. Bf2 Rac8 24. c4 h5 25. Bh4 Bh6 26. g3 Qg7 27. b3 Rb8 28. Rab1 g5 29. fxg5 Bxg5 30. Bxh5 Bxh4 31. gxh4 Qh7 32. Rg1+ Kh8 33. Bg4 Ne5 34. h5 Rg8 35. Bf3 Qh6 36. Kh1 Qf4 37. Rxg8+ Rxg8 38. Bg2 Nfg4 39. hxg4 Nxg4 40. Bf3 Qg3 41. Qb2+ f6 42. Qg2 Nf2+ 43. Kg1 Qxf3 0-1

[Event "Baltija Cup"]
[Site "Palanga"]
[Date "2010.06.21"]
[Round "4"]
[White "Daskevics, Vadims"]
[Black "Labuckas, Aidas"]
[Result "1-0"]
[WhiteElo "2386"]
[BlackElo "2336"]
[PlyCount "117"]
[EventDate "2010.06.20"]
[EventType "tourn"]
[EventRounds "9"]
[EventCountry "LTU"]
[SourceTitle "EXT 2013"]
[Source "ChessBase"]
[SourceDate "2012.11.22"]
[SourceVersion "1"]
[SourceVersionDate "2012.11.22"]
[SourceQuality "1"]

1. Nf3 c5 2. c4 Nc6 3. g3 g6 4. Bg2 Bg7 5. Nc3 Nf6 6. d4 cxd4 7. Nxd4 0-0 8. 0-0 Nxd4 9. Qxd4 d6 10. Qh4 Qb6 11. b3 Be6 12. Bh6 Bxh6 13. Qxh6 Rab8 14. e4 Qc5 15. Rac1 Ng4 16. Qd2 Qh5 17. h3 Nf6 18. g4 Qh4 19. f4 g5 20. e5 dxe5 21. fxg5 Nd7 22. Ne4 Kh8 23. Qb4 Rfe8 24. Rcd1 Nf8 25. Qc5 Ng6 26. Qxa7 h5 27. Qf2 hxg4 28. Qxh4+ Nxh4 29. hxg4 Rec8 30. a4 Kg7 31. Nf2 Ng6 32. Rfe1 Rh8 33. Re3 Rh4 34. Rh3 Rxg4 35. Nxg4 Bxg4 36. Rhd3 Bxd1 37. Rxd1 b6 38. Rd7 Kf8 39. b4 Rc8 40. Bf1 e4 41. Rb7 Rc6 42. b5 Rc5 43. Rxb6 e3 44. Rxg6 fxg6 45. Bd3 Ke8 46. a5 Kd8 47. a6 Kc7 48. a7 Kb7 49. b6 Rxg5+ 50. Kf1 Ra5 51. c5 Ra4 52. Ke2 g5 53. Kxe3 Ra3 54. Kd4 e5+ 55. Kc4 Ra4+ 56. Kb5 Rxa7 57. Be4+ Kb8 58. bxa7+ Kxa7 59. Kc6 1-0

[Event "Baltija Cup"]
[Site "Palanga"]
[Date "2010.06.20"]
[Round "2"]
[White "Peleshev, Leonid"]
[Black "Labuckas, Aidas"]
[Result "1/2-1/2"]
[WhiteElo "2282"]
[BlackElo "2336"]
[PlyCount "89"]
[EventDate "2010.06.20"]
[EventType "tourn"]
[EventRounds "9"]
[EventCountry "LTU"]
[SourceTitle "EXT 2013"]
[Source "ChessBase"]
[SourceDate "2012.11.22"]
[SourceVersion "1"]
[SourceVersionDate "2012.11.22"]
[SourceQuality "1"]

1. e4 c5 2. Nf3 e6 3. d4 cxd4 4. Nxd4 a6 5. Bd3 Nf6 6. 0-0 Qc7 7. Qe2 d6 8. c4 g6 9. Nc3 Bg7 10. Be3 0-0 11. Rac1 Nc6 12. Nxc6 bxc6 13. Rfd1 c5 14. Rd2 Nd7 15. Bb1 Ne5 16. Bf4 Bb7 17. Rcd1 Rad8 18. h3 Bc8 19. Bc2 f6 20. Bxe5 fxe5 21. Rd3 Bf6 22. Qd2 Be7 23. Ne2 Rf7 24. a3 Rdf8 25. f3 Rd8 26. Kh1 Bf8 27. Ba4 Be7 28. Bb3 Rdf8 29. Ba2 Bb7 30. b4 Bc6 31. b5 axb5 32. cxb5 Bxb5 33. Bxe6 Bxd3 34. Qxd3 Kg7 35. Bxf7 Rxf7 36. Qc4 Bf8 37. Nc3 Qc8 38. Rb1 Be7 39. a4 Bg5 40. Nd5 Rxf3 41. gxf3 Qxh3+ 42. Kg1 Qg3+ 43. Kh1 Qh3+ 44. Kg1 Qg3+ 45. Kh1 1/2-1/2

[Event "LTU-chT 0910"]
[Site "Lithuania"]
[Date "2010.04.10"]
[Round "8.34"]
[White "Labuckas, Aidas"]
[Black "Lipskij, Valerij"]
[Result "1-0"]
[WhiteElo "2333"]
[BlackElo "2123"]
[PlyCount "35"]
[EventDate "2009.11.07"]
[EventType "team-tourn"]
[EventRounds "9"]
[EventCountry "LTU"]
[SourceTitle "EXT 2022"]
[Source "ChessBase"]
[SourceDate "2021.10.06"]
[SourceVersion "1"]
[SourceVersionDate "2021.10.06"]
[SourceQuality "1"]
[WhiteTeam "Kaunas Margiris"]
[BlackTeam "Vilnius Chess United"]
[WhiteTeamCountry "LTU"]
[BlackTeamCountry "LTU"]

1. e4 d5 2. exd5 Nf6 3. Nf3 Nxd5 4. d4 e6 5. Be2 Be7 6. 0-0 0-0 7. c4 Nf6 8. Nc3 c5 9. d5 exd5 10. cxd5 a6 11. a4 b6 12. Ne5 Ne8 13. Bf3 Bd6 14. Nc4 Nd7 15. Re1 Bxh2+ 16. Kxh2 Qh4+ 17. Kg1 Qxc4 18. Re4 1-0

[Event "LTU-chT 0910"]
[Site "Lithuania"]
[Date "2009.12.06"]
[Round "4.54"]
[White "Labuckas, Aidas"]
[Black "Setkauskas, Vaidas"]
[Result "1-0"]
[WhiteElo "2333"]
[BlackElo "2196"]
[PlyCount "61"]
[EventDate "2009.11.07"]
[EventType "team-tourn"]
[EventRounds "9"]
[EventCountry "LTU"]
[SourceTitle "EXT 2022"]
[Source "ChessBase"]
[SourceDate "2021.10.06"]
[SourceVersion "1"]
[SourceVersionDate "2021.10.06"]
[SourceQuality "1"]
[WhiteTeam "Kaunas Margiris"]
[BlackTeam "Plunge Bokstas"]
[WhiteTeamCountry "LTU"]
[BlackTeamCountry "LTU"]

1. d4 d5 2. Nf3 Nf6 3. c4 c6 4. Qc2 e6 5. g3 Bd6 6. Bg2 0-0 7. 0-0 Nbd7 8. Nbd2 Qc7 9. e4 dxe4 10. Nxe4 Nxe4 11. Qxe4 Nf6 12. Qc2 h6 13. b3 b6 14. Bb2 Bb7 15. Rad1 Rad8 16. Rfe1 Be7 17. Qe2 Rfe8 18. Ne5 c5 19. dxc5 Bxg2 20. Kxg2 Bxc5 21. Qf3 Bb4 22. Rf1 Bd6 23. Nc6 Rd7 24. Bxf6 gxf6 25. Nd4 Be7 26. Nb5 Qb7 27. Rxd7 Qxd7 28. Rd1 Qc8 29. Nxa7 Qa8 30. Rd7 Bc5 31. a4 1-0

[Event "Panevezys op-A"]
[Site "Panevezys"]
[Date "2009.08.17"]
[Round "1"]
[White "Zebelis, Rimantas"]
[Black "Labuckas, Aidas"]
[Result "0-1"]
[WhiteElo "1982"]
[BlackElo "2322"]
[PlyCount "116"]
[EventDate "2009.08.17"]
[EventType "swiss"]
[EventRounds "9"]
[EventCountry "LTU"]
[SourceTitle "CBM 131 Extra"]
[Source "ChessBase"]
[SourceDate "2009.09.03"]
[SourceVersion "2"]
[SourceVersionDate "2009.09.16"]
[SourceQuality "1"]

1. d4 d5 2. Nf3 e6 3. c4 Nf6 4. e3 c6 5. Nc3 Nbd7 6. Bd3 dxc4 7. Bxc4 b5 8. Bd3 a6 9. e4 c5 10. d5 Qc7 11. dxe6 fxe6 12. 0-0 c4 13. Bc2 Bd6 14. h3 Bb7 15. Nd4 Nf8 16. Ndxb5 axb5 17. Nxb5 Bh2+ 18. Kh1 Qe5 19. Nc3 Ng6 20. g3 Bxg3 21. fxg3 0-0 22. Bf4 Nxe4 23. Bxe5 Nxc3+ 24. Kg1 Nxd1 25. Rxf8+ Rxf8 26. Bxg6 Nf2 27. Bh5 Rf5 28. Be8 Nxh3+ 29. Kh2 Rxe5 30. Kxh3 Kf8 31. Ba4 Rh5+ 32. Kg4 Rf5 33. Kh3 Rh5+ 34. Kg4 Rh2 35. Rc1 Bd5 36. Rc2 Rh6 37. Rf2+ Ke7 38. Bc2 Rh1 39. Kf4 Kd6 40. Rd2 Ra1 41. a3 Ra2 42. Ke3 Rxb2 43. Bxh7 Rb3+ 44. Kf4 Rxa3 45. g4 Rf3+ 46. Kg5 c3 47. Rh2 Kc5 48. Bc2 Kd4 49. Re2 Re3 50. Rf2 Be4 51. Bb3 e5 52. Ra2 Re1 53. Kh4 Bd3 54. Kg3 Ke3 55. Ra5 Kd2 56. Rc5 e4 57. Rc7 Rb1 58. Ba4 Rb4 0-1

[Event "Plunge op 29th"]
[Site "Plunge"]
[Date "2009.07.18"]
[Round "6"]
[White "Labuckas, Aidas"]
[Black "Kalvaitis, Sigitas"]
[Result "1/2-1/2"]
[WhiteElo "2322"]
[BlackElo "2272"]
[PlyCount "97"]
[EventDate "2009.07.15"]
[EventType "swiss"]
[EventRounds "7"]
[EventCountry "LTU"]
[SourceTitle "EXT 2012"]
[Source "ChessBase"]
[SourceDate "2011.11.24"]
[SourceVersion "1"]
[SourceVersionDate "2011.11.24"]
[SourceQuality "1"]

1. Nf3 Nf6 2. g3 d5 3. Bg2 e6 4. 0-0 Be7 5. c4 0-0 6. b3 c5 7. Bb2 Nc6 8. cxd5 Nxd5 9. Nc3 Bf6 10. Qc1 b6 11. Ne4 Bxb2 12. Qxb2 Bb7 13. d3 Qe7 14. Ned2 Rfd8 15. a3 Rac8 16. Rac1 h6 17. Nc4 Nf6 18. Nce5 Nxe5 19. Qxe5 Kf8 20. Rc2 Nd7 21. Qb2 Qf6 22. Qxf6 Nxf6 23. Rfc1 Ke7 24. Ne5 Bxg2 25. Kxg2 Nd7 26. Nf3 Rc7 27. Nd2 Rdc8 28. Ne4 Ne5 29. d4 Nc6 30. dxc5 Nd4 31. Rc4 bxc5 32. b4 Nxe2 33. Re1 Nd4 34. bxc5 Nb3 35. Rb1 Nxc5 36. Nxc5 Rxc5 37. Rb7+ Kd6 38. Rxc5 Rxc5 39. Rxa7 Rf5 40. g4 Rf4 41. Kg3 g5 42. f3 Ke5 43. Ra5+ Kf6 44. h4 Rc4 45. hxg5+ hxg5 46. Ra6 Rc2 47. a4 Ra2 48. Ra7 Kg6 49. Ra6 1/2-1/2

[Event "Plunge op 29th"]
[Site "Plunge"]
[Date "2009.07.17"]
[Round "4"]
[White "Labuckas, Aidas"]
[Black "Narmontas, Matas"]
[Result "1-0"]
[WhiteElo "2322"]
[BlackElo "2384"]
[PlyCount "63"]
[EventDate "2009.07.15"]
[EventType "swiss"]
[EventRounds "7"]
[EventCountry "LTU"]
[SourceTitle "EXT 2012"]
[Source "ChessBase"]
[SourceDate "2011.11.24"]
[SourceVersion "1"]
[SourceVersionDate "2011.11.24"]
[SourceQuality "1"]

1. e4 c5 2. Nf3 e6 3. d3 Nc6 4. g3 g6 5. Bg2 Bg7 6. 0-0 Nge7 7. c3 d5 8. Qe2 0-0 9. e5 h6 10. Nbd2 b6 11. h4 f6 12. exf6 Rxf6 13. d4 a5 14. Rd1 Ba6 15. Qe1 cxd4 16. Nxd4 Nxd4 17. cxd4 Nc6 18. Nf1 Nb4 19. Ne3 Nd3 20. Rxd3 Bxd3 21. Ng4 Kh7 22. Nxf6+ Qxf6 23. Be3 e5 24. dxe5 Qxe5 25. Rd1 Qf5 26. g4 Qxg4 27. Rxd3 d4 28. Bf4 Rc8 29. Bg3 Rc2 30. Rd2 Rc5 31. Qe4 Qd7 32. Kh2 1-0

[Event "LTU-ch sf"]
[Site "Vilnius"]
[Date "2009.02.17"]
[Round "7"]
[White "Narmontas, Matas"]
[Black "Labuckas, Aidas"]
[Result "1-0"]
[WhiteElo "2363"]
[BlackElo "2323"]
[PlyCount "63"]
[EventDate "2009.02.13"]
[EventType "swiss"]
[EventRounds "9"]
[EventCountry "LTU"]
[SourceTitle "CBM 128 Extra"]
[Source "ChessBase"]
[SourceDate "2009.03.05"]
[SourceVersion "2"]
[SourceVersionDate "2009.03.25"]
[SourceQuality "1"]

1. d4 d5 2. c3 Nf6 3. Nf3 g6 4. Bf4 Bg7 5. e3 0-0 6. Bd3 c6 7. Nbd2 Nbd7 8. h4 h5 9. Ng5 Qe8 10. Bc7 a6 11. Qe2 Ra7 12. f3 b5 13. Be5 Qd8 14. g4 hxg4 15. h5 gxh5 16. fxg4 Nxe5 17. dxe5 Bxg4 18. exf6 Bxe2 19. Bh7+ Kh8 20. fxg7+ Kxg7 21. Kxe2 e6 22. Rxh5 Kf6 23. Rf1+ Ke7 24. Bg8 Ke8 25. Bxf7+ Raxf7 26. Rxf7 Qa5 27. Rb7 Qa4 28. Rb8+ Ke7 29. Rh7+ Kf6 30. Rxf8+ Kxg5 31. Rg7+ Kh6 32. Rg1 1-0

[Event "LTU-ch sf"]
[Site "Vilnius"]
[Date "2009.02.14"]
[Round "3"]
[White "Godlauskas, Kazys"]
[Black "Labuckas, Aidas"]
[Result "1/2-1/2"]
[WhiteElo "2274"]
[BlackElo "2323"]
[PlyCount "35"]
[EventDate "2009.02.13"]
[EventType "swiss"]
[EventRounds "9"]
[EventCountry "LTU"]
[SourceTitle "CBM 128 Extra"]
[Source "ChessBase"]
[SourceDate "2009.03.05"]
[SourceVersion "2"]
[SourceVersionDate "2009.03.25"]
[SourceQuality "1"]

1. e4 c6 2. d4 d5 3. Nd2 dxe4 4. Nxe4 Nf6 5. Nxf6+ exf6 6. c3 Bd6 7. Bd3 0-0 8. Qc2 Kh8 9. Ne2 Re8 10. 0-0 Nd7 11. Ng3 Nf8 12. Bd2 Ng6 13. Rfe1 Rxe1+ 14. Rxe1 Be6 15. Bf5 Bxg3 16. hxg3 Qd5 17. Bxg6 hxg6 18. a3 1/2-1/2